Представление документа в формате MARC21

ПолеНазваниеЗначение
  Тип записи a
  Библиографический уровень m
001 Контрольный номер RU\infra-m\znanium\bibl\2221466
005 Дата корректировки 20260429142406.9
008 Кодируемые данные 251231s2025 RU g rus u
020 Индекс ISBN __
a ISBN 978-5-16-019303-8
020 Индекс ISBN __
a ISBN 978-5-16-111990-7 (электр. издание)
040 Источник каталогиз. __
a Служба первич. каталог. Общество с ограниченной ответственностью «ЗНАНИУМ»
041 Код языка издания __
a Код языка текста rus
044 Код страны публикации __
a Код страны публикации RU
080 Индекс УДК __
a Индекс УДК 338.45+69(075.32)
084 Индекс другой классификации/Индекс ББК __
2 Источник индекса rubbk
a Индекс другой классификации/Индекс ББК 65.31стд1-37я723
084 Индекс другой классификации/Индекс ББК __
2 Источник индекса okso
a Индекс другой классификации/Индекс ББК 08.01.30
084 Индекс другой классификации/Индекс ББК __
2 Источник индекса okso
a Индекс другой классификации/Индекс ББК 08.02.01
084 Индекс другой классификации/Индекс ББК __
2 Источник индекса okso
a Индекс другой классификации/Индекс ББК 08.02.02
084 Индекс другой классификации/Индекс ББК __
2 Источник индекса okso
a Индекс другой классификации/Индекс ББК 08.02.13
100 Автор __
a Автор Гаврилов Д.А.
q Полное имя Гаврилов Денис Анатольевич
245 Заглавие __
a Заглавие Проектно-сметное дело
b Продолж. заглавия Учебное пособие
250 Сведения об издании __
g испр. и доп.
a Основные сведения об издании 2
260 Выходные данные __
a Место издания Москва
b Издательство ООО "Научно-издательский центр ИНФРА-М"
c Дата издания 2026
300 Физическое описание __
a Объем 323 с.
440 Серия __
a Серия Среднее профессиональное образование
520 Аннотация __
a Аннотация В учебном пособии излагаются основы проектно-сметного дела и организации строительного проектирования. Приводятся примеры расчетов и способы составления документов форм актов и смет с учетом специфики работ и объектов. Приложения содержат формы и образцы необходимой документации. Соответствует требованиям федеральных государственных образовательных стандартов среднего профессионального образования последнего поколения. Предназначено для студентов образовательных учреждений среднего профессионального образования обучающихся по специальности 08.02.01 «Строительство и эксплуатация зданий и сооружений». Может использоваться в качестве краткого справочника для строителей и проектировщиков.
521 Примеч. о цел. назн. __
a Примеч. о целев. назн. Среднее профессиональное образование
650 Тематические рубрики __
a Основная рубрика Строительство
x Основная подрубрика Проектно-сметное дело
655 Указ. предметных рубрик (устаревшее) __
a Жанр/ форма (устаревшее) Учебное пособие
856 Электронный адрес документа 4_
a Имя сервера/домена znanium.ru
m Помощь ebs_support@infra-m.ru
n Местонахождение сервера НИЦ ИНФРА-М
u URL https://znanium.ru/catalog/document?id=468119
856 Электронный адрес документа 48
a Имя сервера/домена znanium.ru
d Путь /cover/2221
f Электронное имя 2221466.jpg
q Тип электронного формата image/jpeg
u URL https://znanium.ru/cover/2221/2221466.jpg
911 __
u 0030=https://znanium.ru/catalog/document?id=468119